[Event "BRA Amateur-ch U1400"]
[Site "Sao Paulo"]
[Date "2022.11.04"]
[Round "3"]
[White "Zamlutti Junior, Rene"]
[Black "Baena, Mauricio"]
[Result "1-0"]
[WhiteElo "1776"]
[BlackElo "1800"]
[PlyCount "49"]
[EventDate "2022.11.03"]
[EventType "swiss"]
[EventRounds "7"]
[EventCountry "BRA"]
[SourceTitle "CBM 211 Extra"]
[Source "ChessBase"]
[SourceDate "2023.01.31"]
[SourceVersion "1"]
[SourceVersionDate "2023.01.31"]
[SourceQuality "1"]

1. c4 d6 2. g3 g6 3. Bg2 Bg7 4. e4 Nc6 5. Ne2 e5 6. 0-0 Nf6 7. d3 Bd7 8. h3 Qc8 9. Kh2 h5 10. Bg5 Nh7 11. Be3 Be6 12. Nbc3 Qd7 13. Rb1 Nd4 14. b4 Bf6 15. f4 0-0-0 16. b5 b6 17. a4 Qe7 18. Nd5 Bxd5 19. exd5 g5 20. Bxd4 exd4 21. Qe1 g4 22. h4 Bxh4 23. gxh4 Rhg8 24. Qg3 Rdf8 25. Nxd4 1-0

[Event "BRA Amateur-ch U1400"]
[Site "Sao Paulo"]
[Date "2022.11.03"]
[Round "1"]
[White "Do Nascimento, Joao Pedro Leandro"]
[Black "Baena, Mauricio"]
[Result "1-0"]
[WhiteElo "1800"]
[BlackElo "1800"]
[PlyCount "45"]
[EventDate "2022.11.03"]
[EventType "swiss"]
[EventRounds "7"]
[EventCountry "BRA"]
[SourceTitle "CBM 211 Extra"]
[Source "ChessBase"]
[SourceDate "2023.01.31"]
[SourceVersion "1"]
[SourceVersionDate "2023.01.31"]
[SourceQuality "1"]

1. e4 d6 2. Nf3 g6 3. d4 Bg7 4. Be2 a6 5. a4 e5 6. dxe5 Bxe5 7. Nxe5 dxe5 8. Qxd8+ Kxd8 9. 0-0 Nf6 10. Bg5 Nbd7 11. Rd1 h6 12. Bxf6+ Ke8 13. Bxh8 f6 14. Bg4 b6 15. Bxd7+ Bxd7 16. Bxf6 Bc6 17. Nc3 Kf7 18. Bxe5 b5 19. axb5 axb5 20. Rxa8 Bxa8 21. Bxc7 Ke7 22. Nxb5 Bxe4 23. Re1 1-0